000 01004nac a2200325 a 4500
003 CO-PeBPM
005 20260427200120.0
007 ta
008 260427s1979 ck |||| |||| 00| 0 spa d
020 _a8402036309
040 _aCO-PeBPM
_bspa
_cCO-PeBPM
_erda
041 _aspa
082 0 4 _a184 P718i
_222
100 1 _aPlatón
_eautor
245 1 0 _aDialogos
_c/ Platón; edición de Ma. Juana de Danes y Agustín González Gallego
250 _aTercera edición
264 _aBarcelona, España
_b: Bruguera
_c, 1979
300 _a216 páginas
_c17 cm.
336 _2rdacontent
_atexto
_btxt
337 _2rdamedia
_asin mediación
_bn
338 _2rdacarrier
_avolumen
_bnc
490 _aBruguera Libro Clásico
_v1503/124
500 _aIncluye índice
650 1 7 _aFilosofía clásica
_2LEMB
650 1 7 _aDiálogos
_2LEMB
650 1 7 _a Filosofía griega
_2LEMB
700 1 _aRibas de Danes, Ma. Juana
_eEdición
700 1 _aGonzález Gallego, Agustín
_eEdición
942 _2ddc
_n0
_cBK
999 _c107350
_d107350